| 000 | 00483nam a2200169 i 4500 | ||
|---|---|---|---|
| 001 | 114815 | ||
| 003 | ES-MaACL | ||
| 005 | 20250930063116.0 | ||
| 007 | t| | ||
| 008 | 070330s1905 sp ||||1| spa d | ||
| 100 | 1 |
_aOrtiz del Barco, Juan, _d1859-1914 _987611 |
|
| 245 | 1 | 0 |
_aMares territoriales / _cpor Juan Ortiz del Barco. |
| 260 |
_aCádiz : _bF. Rodríguez de Silva, _c1905. |
||
| 300 |
_a85 p. ; _c25 cm. |
||
| 852 |
_aES-MaACL _jG-10184 |
||
| 999 |
_c114815 _d114815 |
||